|
|
|
|
| LEADER |
01106nam a2200325 4500 |
| 001 |
DLU100109408 |
| 005 |
##20100625 |
| 040 |
# |
# |
|a DLU
|b vie
|
| 041 |
# |
# |
|a vie
|
| 044 |
# |
# |
|a vn
|
| 082 |
# |
# |
|a 909
|b Van
|
| 245 |
# |
# |
|a Vấn đề sống còn của nhân loại & nền văn minh /
|c Nguyễn Thừa Nghiệp biên soạn.
|
| 246 |
# |
# |
|a Vấn đề sống còn của nhân loại và nền văn minh
|
| 260 |
# |
# |
|a Tp. HCM :
|b Tổng hợp,
|c 2009.
|
| 300 |
# |
# |
|a 181 tr. ;
|c 19 cm.
|
| 504 |
# |
# |
|a Tài liệu tham khảo: tr. 179.
|
| 505 |
# |
# |
|a Chương 1. Các vấn đề lớn của nhân loại – Chương 2. Chiến tranh & hoà bình – Chương 3. Nền văn minh phương Tây & tương lai – Chương 4. Vũ trụ - con người & dự báo tương lai.
|
| 653 |
# |
# |
|a Văn minh nhân loại
|
| 700 |
# |
# |
|a Nguyễn Thừa Nghiệp,
|e biên soạn.
|
| 923 |
# |
# |
|a 05/2010
|
| 991 |
# |
# |
|a SH
|
| 992 |
# |
# |
|a 27000
|
| 994 |
# |
# |
|a DLU
|
| 900 |
# |
# |
|a True
|
| 911 |
# |
# |
|a Đào Thị Thu Huyền
|
| 925 |
# |
# |
|a G
|
| 926 |
# |
# |
|a A
|
| 927 |
# |
# |
|a SH
|
| 980 |
# |
# |
|a Thư viện Trường Đại học Đà Lạt
|